00450nam a2200157Ia 4500003000400000005001700004008004100021020001900062040001000081100001500091245002700106260001700133942001200150999001300162952011700175OSt20240302142918.0170523s9999 xx 000 0 und d a978-0273760979 cIIMTU aRUGMAN- AM 0aINTERNATIONAL BUSINESS bMC GRAW HILL 2ddcc02 c857d857 00102ddc4070a01b01d2017-05-31fDept. MBAp01-B-2680r2017-05-31uINTERNATIONAL BUSINESSw2017-05-31y02z